HUMAN SEXUALITY (Record no. 9461)

MARC details
000 -LEADER
fixed length control field 00404nam a22001817a 4500
003 - CONTROL NUMBER IDENTIFIER
control field OSt
005 - DATE AND TIME OF LATEST TRANSACTION
control field 20211005114418.0
008 - FIXED-LENGTH DATA ELEMENTS--GENERAL INFORMATION
fixed length control field 211005b |||||||| |||| 00| 0 eng d
020 ## - INTERNATIONAL STANDARD BOOK NUMBER
International Standard Book Number 0072364084
040 ## - CATALOGING SOURCE
Transcribing agency HU
082 ## - DEWEY DECIMAL CLASSIFICATION NUMBER
Classification number 155.3.0ANN
100 ## - MAIN ENTRY--PERSONAL NAME
Personal name SUSAN J.BUNTING
9 (RLIN) 10153
245 ## - TITLE STATEMENT
Title HUMAN SEXUALITY
250 ## - EDITION STATEMENT
Edition statement 25TH
260 ## - PUBLICATION, DISTRIBUTION, ETC.
Place of publication, distribution, etc. AMERICA
Name of publisher, distributor, etc. HILL
Date of publication, distribution, etc. 2000
300 ## - PHYSICAL DESCRIPTION
Extent 229P
942 ## - ADDED ENTRY ELEMENTS (KOHA)
Source of classification or shelving scheme Dewey Decimal Classification
Koha item type Books like text book referance book
Suppress in OPAC No
Holdings
Withdrawn status Lost status Source of classification or shelving scheme Damaged status Not for loan Home library Current library Shelving location Date acquired Full call number Barcode Date last seen Copy number Price effective from Koha item type Total Checkouts
    Dewey Decimal Classification     Social Library Social Library General Stacks 10/05/2021 155.305/2000 SHLIB00000763 10/05/2021 1 10/05/2021 Books like text book referance book  
    Dewey Decimal Classification     Social Library Social Library General Stacks 10/05/2021 155.30/ANN SHLIB00000764 10/05/2021 2 10/05/2021 Books like text book referance book  
    Dewey Decimal Classification     Social Library Social Library General Stacks 10/05/2021 155.30/ANN SHLIB00000765 10/05/2021 3 10/05/2021 Books like text book referance book